Konvensyen Akrab MOF ke-2 (Sesi 3) [

Bibliographic Details
Corporate Author: Institut Penilaian Negara
Format: Book
Language:Malay
Published: Bangi : Institut Penilaian Negara , 2014

MARC

LEADER 00000cam a2200000 7i4500
001 0000026018
005 20150522.0
008 150522 my v may
040 |a INS 
090 0 0 |a VCD 2319 
245 0 0 |a Konvensyen Akrab MOF ke-2 (Sesi 3) [  |h video disc]   |f 10 Julai 2014 
260 |a Bangi :   |b Institut Penilaian Negara ,   |c 2014 
300 |a 1cakera video (42 min.) :   |b by., wrn. ;   |c 4 ¾ in. 
500 |a Sesi 3 
710 2 |a Institut Penilaian Negara 
999 |a VCD0002319   |b VIDEO CD   |c Media Collection   |e Default branch